00405pab a2200145 454500008004000000100001900040245008800059260000900147300001300156362001100169650001400180650002400194700002100218773002000239180718b2017 xxu||||| |||| 00| 0 eng d aAhmad, Shakeel aChallenges for generating employment in future: the role of education in job growth c2017 ap.14-18. a07 Aug aEducation aEmployment creation aKhan, Amir Ullah aUniversity News